000 00534nam a22001817a 4500
003 NUST
005 20230202122338.0
008 190703b ||||| |||| 00| 0 eng d
038 _aMr. Zahoor
082 _a540
100 _aSafdar, Aneeqa
_916457
245 _aSynthesis and Physical Properties of BaxCu1-xO (x =0, 0.2, 0.4) and BaCuO2 Nanomaterials
_cAneeqa Safdar
300 _avii, 51 p. : ill. ;
_c30cm.
500 _aHardcover.
650 _2Chemistry - MS Thesis
700 _aDr. Zahida Malik
_916166
942 _2ddc
_cTHE
999 _c525554
_d525554